| 000 | 00549nam a2200145Ia 4500 | ||
|---|---|---|---|
| 008 | 151213s9999 xx 000 0 und d | ||
| 100 | _aআব্দুল মতিন । | ||
| 245 |
_aদর্শন সাহিত্য ও সংস্কৃতি । _cআব্দুল মতিন । |
||
| 260 |
_aঢাকা _bবাংলা একাডেমী। _c1995 |
||
| 300 | _a9278 p. | ||
| 650 | _aBangla | ||
| 650 | _aসাহিত্য ও সংস্কৃতি। | ||
| 700 | _aআব্দুল মতিন । | ||
| 999 |
_c4744 _d4744 |
||